LEADER 00522nab a2200145 i 4500 001 000000327843 003 CaOOAMICUS 005 20180831173549.0 008 180831n xx uu u0 0fre r 013 $a39436 040 $aSeMil$bita 245 10$aBulletin de théologie sacramentaire 1. :$bLe mariage. 700 1 $aMichelet, Thomas .$0(OLS)http://semarc/name/95246 773 0 $t[SENZA TITOLO]. - Contiene.$gp.[131]-160$w()290830 996 $6245$aBulletin de théologie sacramentaire 1. :$bLe mariage.$9(OLS)http://semarc/title/416449 LEADER 00669nam a2200181 i 4500 001 000000205721 003 CaOOAMICUS 005 20110831000000.0 008 110831s1941 it u000 u ita u 013 $a184459 040 $aSeMil$bita 245 10$aVol. 4 /$ca cura di C. Galassi Paluzzi. 300 $a250 p., [6] p. di tav. 700 1 $aGalassi Paluzzi, Carlo.$0(OLS)http://semarc/name/5722 773 0 $tAtti del 5. Congresso Nazionale di Studi Romani.$dRoma : Istituto di studi romani, [1940?]$w()24928 850 $aSeMil 852 $aSeMil$W1$xVenegono$y1$m3V III 153$j156215$B156215$CSeMilBibl$Z2$F167570 $81 996 $6245$aVol. 4$9(OLS)http://semarc/title/108695